[Event "ThEM Hauptturnier Finsterbergen"]
[Site "?"]
[Date "1999.??.??"]
[Round "5"]
[White "Gebuhr, Guenter"]
[Black "Rauhut, Frank"]
[Result "1-0"]
[WhiteElo "1919"]
[BlackElo "1935"]
[PlyCount "62"]
[EventDate "1999.??.??"]

1. e4 c5 2. Nf3 e6 3. d4 cxd4 4. Nxd4 Nf6 5. Nc3 Qc7 6. Bd3 Nc6 7. Nxc6 bxc6 8.
O-O Rb8 9. b3 d5 10. Bb2 d4 11. Ne2 e5 12. h3 c5 13. c3 Be6 14. cxd4 exd4 15.
Qc2 Qe5 16. f4 Qh5 17. f5 Bd7 18. Nf4 Qh4 19. Qe2 h5 20. e5 Ng4 21. e6 Bd6 22.
exd7+ Kxd7 23. Qe1 Qg5 24. Bc1 c4 25. Bxc4 Ne3 26. Bxe3 dxe3 27. Qxe3 Rhe8 28.
Qxa7+ Kc6 29. Bd5+ Kb5 30. a4+ Kb4 31. Qd4+ Ka5 1-0

[Event "ThEM Meisterturnier Finsterbergen"]
[Site "?"]
[Date "1999.??.??"]
[Round "2"]
[White "Kottwitz, Daniel"]
[Black "Taudte, Stefan"]
[Result "0-1"]
[WhiteElo "2120"]
[BlackElo "2120"]
[PlyCount "146"]
[EventDate "1999.??.??"]

1. e4 e6 2. d4 d5 3. Nc3 Bb4 4. e5 c5 5. Bd2 a6 6. Nce2 Bxd2+ 7. Qxd2 Nc6 8. f4
Qb6 9. O-O-O Bd7 10. Nf3 c4 11. g4 Nb4 12. Kb1 Ba4 13. Ne1 a5 14. f5 Ne7 15.
Qg5 Bxc2+ 16. Nxc2 Nd3 17. Rxd3 cxd3 18. Na3 dxe2 19. Bxe2 Qxd4 20. Bb5+ Kf8
21. Re1 h6 22. Qh5 Qd2 23. Rf1 exf5 24. gxf5 Qg5 25. Qf3 f6 26. e6 Rc8 27. Bd7
Rc5 28. Qf2 Qxf5+ 29. Qxf5 Nxf5 30. Rxf5 Ke7 31. Rf2 Rf8 32. Nb5 f5 33. Nd4 f4
34. Nf3 Rf5 35. Nh4 Rf6 36. h3 g5 37. Nf3 Rf5 38. Rg2 Rc4 39. h4 Re4 40. hxg5
hxg5 41. Nxg5 Re1+ 42. Kc2 f3 43. Nxf3 Rxf3 44. Rd2 Rf5 45. Kb3 Re4 46. a3 Rf3+
47. Kc2 Kd6 48. Kb1 Rg3 49. Bc8 Rg7 50. Bd7 d4 51. Kc2 Kd5 52. Kb3 b6 53. Ka4
Re7 54. Kb3 Re3+ 55. Kc2 Rg7 56. Ba4 Rc7+ 57. Kd1 d3 58. Bb3+ Kd4 59. Rh2 Rg7
60. Kd2 Reg3 61. Rh4+ R3g4 62. e7 Rxh4 63. e8=Q Rg2+ 64. Kc1 Rh1+ 65. Bd1 Rc2+
66. Kb1 Rxd1+ 67. Ka2 Rdd2 68. Qd8+ Kc5 69. Qc8+ Kd6 70. Qd8+ Kc6 71. Qc8+ Kb5
72. Qd7+ Ka6 73. Qc8+ Rxc8 0-1

[Event "ThEM  Hauptturnier"]
[Site "?"]
[Date "2000.??.??"]
[Round "1"]
[White "Manger, Erika"]
[Black "Rauhut, Frank"]
[Result "0-1"]
[WhiteElo "1310"]
[BlackElo "1906"]
[PlyCount "52"]
[EventDate "2000.??.??"]

1. c4 Nf6 2. Nc3 g6 3. g3 Bg7 4. Bg2 O-O 5. Nf3 d6 6. O-O Nc6 7. d4 a6 8. e4
Rb8 9. c5 dxc5 10. dxc5 Bg4 11. Qc2 Bxf3 12. Bxf3 Nd4 13. Qd3 Nd7 14. Bg2 Nxc5
15. Qc4 Nce6 16. Be3 b5 17. Qd3 Nf3+ 18. Bxf3 Qxd3 19. Rfd1 Qc4 20. Rac1 Bxc3
21. Rxc3 Qxa2 22. Rd2 b4 23. Rc6 Rfd8 24. Rxd8+ Rxd8 25. Be2 a5 26. Bc1 Nd4 0-1

[Event "ThEM  Hauptturnier"]
[Site "?"]
[Date "2000.04.19"]
[Round "1"]
[White "Aepfler, Christian"]
[Black "Umpfenbach, Carolin"]
[Result "1-0"]
[WhiteElo "2168"]
[BlackElo "1882"]
[PlyCount "69"]
[EventDate "2000.??.??"]

1. e4 e6 2. d4 d5 3. Nd2 Nf6 4. e5 Nfd7 5. Bd3 c5 6. c3 Nc6 7. Ne2 cxd4 8. cxd4
f6 9. exf6 Nxf6 10. O-O Bd6 11. Nf3 O-O 12. Bg5 Qc7 13. Bh4 Bd7 14. Rc1 Rae8
15. Qc2 Bc8 16. Bg3 Qe7 17. a3 a6 18. Ne5 Nd8 19. Qxc8 Bxe5 20. dxe5 Ng4 21.
Qc2 g6 22. h3 Nh6 23. Qc5 Qg7 24. Qe3 Nc6 25. Nd4 Nxd4 26. Qxd4 g5 27. Rc2 Nf5
28. Bxf5 Rxf5 29. Rfc1 h5 30. Rc7 Re7 31. Rxe7 Qxe7 32. f3 Qg7 33. Qb6 Qg6 34.
Rc8+ Kg7 35. Qd8 1-0

[Event "ThEM  Hauptturnier"]
[Site "?"]
[Date "2000.04.19"]
[Round "1"]
[White "Siegl, Detlef"]
[Black "Steinmetzer, Peter"]
[Result "0-1"]
[WhiteElo "1718"]
[BlackElo "1922"]
[PlyCount "146"]
[EventDate "2000.??.??"]

1. e4 e5 2. Nf3 Nc6 3. d4 exd4 4. c3 Nf6 5. e5 Ne4 6. cxd4 Bb4+ 7. Nbd2 O-O 8.
Bd3 d5 9. O-O Bxd2 10. Bxd2 Bg4 11. Be3 f5 12. exf6 Nxf6 13. Be2 Qd6 14. Rc1
Rae8 15. Re1 Ne4 16. Nd2 Bxe2 17. Rxe2 Nxd2 18. Rxd2 Nd8 19. Qb3 c6 20. Rdc2
Qg6 21. Qc3 Ne6 22. Qd2 Qf5 23. Qb4 Rf7 24. Rd2 Rfe7 25. Rf1 Rd7 26. Qc3 Rf7
27. Qa5 a6 28. Qb4 Rd7 29. Qc3 Nd8 30. b4 Nf7 31. Qd3 Qf6 32. a4 Nd6 33. Rc2
Rde7 34. Qd2 Nc4 35. Rxc4 dxc4 36. Bg5 Re2 37. Qxe2 Rxe2 38. Bxf6 gxf6 39. Rd1
Kf7 40. Kf1 Rb2 41. d5 cxd5 42. Rxd5 Rxb4 43. Rc5 b5 44. axb5 axb5 45. Ke2 Rb3
46. f4 Kg6 47. g4 Rb2+ 48. Ke3 Rxh2 49. Rxb5 h5 50. f5+ Kg5 51. gxh5 Rxh5 52.
Rc5 Rh3+ 53. Kd2 c3+ 54. Kc2 Kf4 55. Ra5 Re3 56. Rb5 Re5 57. Rb4+ Kxf5 58. Kxc3
Re4 59. Rb6 Kg5 60. Kd3 Re7 61. Rb8 f5 62. Rg8+ Kf4 63. Rf8 Kg4 64. Ra8 Kf3 65.
Kd2 f4 66. Rf8 Kg3 67. Rf6 f3 68. Rg6+ Kf2 69. Kd3 Kf1 70. Rf6 f2 71. Ra6 Rg7
72. Ra1+ Kg2 73. Ra2 Kg1 0-1

[Event "ThEM  Hauptturnier"]
[Site "?"]
[Date "2000.04.19"]
[Round "1"]
[White "Gehlhaar, Christian"]
[Black "Bächer, Reinhard"]
[Result "1/2-1/2"]
[WhiteElo "1775"]
[BlackElo "1953"]
[PlyCount "49"]
[EventDate "2000.??.??"]

1. e4 c5 2. Nf3 Nc6 3. d4 cxd4 4. Nxd4 Nf6 5. Nc3 d6 6. Bg5 e6 7. Qd2 Be7 8.
O-O-O O-O 9. f4 Nxd4 10. Qxd4 Qa5 11. Kb1 Rd8 12. Be2 h6 13. Bh4 Bd7 14. g4 Bc6
15. Bf3 Rac8 16. g5 Ne8 17. Be1 Qc7 18. gxh6 Bf6 19. Qxa7 gxh6 20. Qe3 Kh7 21.
Qd3 Kh8 22. Qe3 Ra8 23. f5 Bg5 24. Qd4+ e5 25. Qc4 1/2-1/2

[Event "ThEM  Hauptturnier"]
[Site "?"]
[Date "2000.04.19"]
[Round "1"]
[White "Gräf, Michael"]
[Black "Kreutzmann, Henry"]
[Result "1-0"]
[WhiteElo "1920"]
[BlackElo "1710"]
[PlyCount "61"]
[EventDate "2000.??.??"]

1. d4 d5 2. Nf3 Nf6 3. e3 Bg4 4. c4 c6 5. Qb3 Qc7 6. cxd5 Bxf3 7. gxf3 cxd5 8.
Nc3 e6 9. Bd3 Nc6 10. Bd2 g6 11. a3 Bg7 12. Ne2 O-O 13. Rc1 Qd7 14. f4 Ne4 15.
h4 Nxd2 16. Kxd2 a5 17. h5 a4 18. Qa2 Na5 19. Rcg1 Nb3+ 20. Kd1 Qc7 21. hxg6
hxg6 22. Qb1 Rfc8 23. Nc3 b6 24. Bxg6 fxg6 25. Qxg6 Qd7 26. Rh7 Rc7 27. Rgh1
Kf8 28. Rh8+ Bxh8 29. Rxh8+ Ke7 30. Rxa8 Kd6 31. f5 1-0

[Event "ThEM  Hauptturnier"]
[Site "?"]
[Date "2000.04.19"]
[Round "1"]
[White "Kirste, Olaf"]
[Black "Grüner, Nico"]
[Result "1-0"]
[WhiteElo "1845"]
[BlackElo "1018"]
[PlyCount "113"]
[EventDate "2000.??.??"]

1. c4 Nf6 2. Nc3 g6 3. e4 d6 4. d4 Bg7 5. f3 O-O 6. Be3 Nbd7 7. Qd2 Re8 8. Nge2
c6 9. g4 e5 10. O-O-O a6 11. Ng3 exd4 12. Bxd4 Re7 13. h4 b5 14. Be2 Qa5 15. h5
b4 16. Nb1 c5 17. Bf2 Qxa2 18. hxg6 fxg6 19. g5 Ne8 20. Qd5+ Kf8 21. Rd2 Rb8
22. f4 Bb7 23. Qd3 a5 24. b3 Qa1 25. Rf1 Kg8 26. Bg4 Nb6 27. Qe2 Bh8 28. Ra2
Qg7 29. Qc2 Nc7 30. Nd2 Ra8 31. f5 Qc3 32. f6 Qxc2+ 33. Kxc2 Rf7 34. Be3 Bc8
35. Bxc8 Nxc8 36. Bf4 Ne6 37. Be3 Nb6 38. e5 dxe5 39. Nge4 a4 40. Nxc5 axb3+
41. Kxb3 Nd4+ 42. Bxd4 Rxa2 43. Kxa2 exd4 44. Nce4 Na4 45. Kb3 Nc3 46. Kxb4
Nxe4 47. Nxe4 d3 48. c5 Rd7 49. Nd6 Kf8 50. Kc4 d2 51. Kd5 Ra7 52. Rd1 Ra2 53.
c6 Rc2 54. Rb1 d1=Q+ 55. Rxd1 Rg2 56. Ne4 Rc2 57. Rb1 1-0

[Event "ThEM  Hauptturnier"]
[Site "?"]
[Date "2000.04.19"]
[Round "1"]
[White "Krug, Klaus-Peter"]
[Black "Lange, Corinna"]
[Result "0-1"]
[WhiteElo "1931"]
[BlackElo "1747"]
[PlyCount "120"]
[EventDate "2000.??.??"]

1. d4 d5 2. c4 e6 3. Nc3 f5 4. Nf3 Nf6 5. Bg5 Be7 6. h4 Nbd7 7. Qc2 O-O 8. Nd2
c6 9. e3 Ng4 10. Bxe7 Qxe7 11. Be2 Ndf6 12. Nd1 e5 13. f3 Nh6 14. Qc3 exd4 15.
Qxd4 Re8 16. cxd5 cxd5 17. Kf2 Be6 18. Nc3 a6 19. Rae1 Rad8 20. Bd1 Qc7 21. Bb3
Kh8 22. Ne2 Bf7 23. Nf4 Nh5 24. Nb1 Ng8 25. Nxh5 Bxh5 26. Nc3 Bf7 27. h5 h6 28.
Rh3 Nf6 29. Reh1 Re7 30. Rg3 Rde8 31. Nd1 f4 32. Rgh3 fxe3+ 33. Ke2 Qe5 34.
Qxe5 Rxe5 35. g4 Kg8 36. Re1 d4 37. Bxf7+ Kxf7 38. Kd3 Rd8 39. Rh2 Re7 40. Rc2
Nd5 41. Rc5 b6 42. Rxd5 Rxd5 43. b3 Rc7 44. Nb2 b5 45. Ke4 Rd8 46. Nd3 Kf6 47.
f4 a5 48. Rg1 Rc2 49. g5+ hxg5 50. fxg5+ Kf7 51. g6+ Kg8 52. Ne5 Rd2 53. h6
gxh6 54. Nf7 Re8+ 55. Kd5 Kg7 56. Kc5 e2 57. Nd6 Re5+ 58. Kc6 e1=Q 59. Nf5+ Kf6
60. Rxe1 Rxe1 0-1

[Event "ThEM  Hauptturnier"]
[Site "?"]
[Date "2000.04.19"]
[Round "1"]
[White "Peil, Jörg"]
[Black "Dorn, Heinz"]
[Result "0-1"]
[WhiteElo "1817"]
[BlackElo "2003"]
[PlyCount "104"]
[EventDate "2000.??.??"]

1. c4 g6 2. Nc3 Bg7 3. d4 Nf6 4. e4 d6 5. f3 O-O 6. Be3 e5 7. d5 c6 8. Qd2 cxd5
9. Nxd5 Nxd5 10. Qxd5 Nc6 11. Rd1 Nd4 12. Bxd4 exd4 13. Nh3 Be6 14. Qb5 a6 15.
Qb4 Bxh3 16. gxh3 b5 17. Qd2 bxc4 18. Bxc4 Rc8 19. b3 Qh4+ 20. Qf2 Qxh3 21. Qg3
Qxg3+ 22. hxg3 a5 23. Ke2 Rc5 24. Kd3 Re8 25. Rde1 h6 26. Re2 Rb8 27. a4 Rb4
28. Rc2 Kf8 29. Rhc1 g5 30. g4 Be5 31. Rh1 Kg7 32. Rh5 Rcxc4 33. bxc4 Rb3+ 34.
Kd2 Bf4+ 35. Kd1 d3 36. Rc1 Bxc1 37. Kxc1 Rc3+ 38. Kd2 Rxc4 39. Kxd3 Rxa4 40.
Rh1 Ra3+ 41. Ke2 Ra2+ 42. Ke3 Rb2 43. Rd1 Rb3+ 44. Ke2 Rb6 45. Rd5 Ra6 46. Kd3
a4 47. Kc2 a3 48. Kb1 a2+ 49. Ka1 Ra3 50. Rf5 f6 51. f4 gxf4 52. Rxf4 Ra4 0-1

[Event "ThEM  Hauptturnier"]
[Site "?"]
[Date "2000.04.19"]
[Round "1"]
[White "Petiko, Jakob"]
[Black "Pfitzenreuter, Gerald"]
[Result "1-0"]
[WhiteElo "1888"]
[BlackElo "2035"]
[PlyCount "79"]
[EventDate "2000.??.??"]

1. e4 c5 2. Nc3 Nc6 3. g3 g6 4. Bg2 Bg7 5. d3 e6 6. Be3 d6 7. Qd2 Nge7 8. Bh6
O-O 9. h4 Nd4 10. Bxg7 Kxg7 11. h5 Ng8 12. Nd1 e5 13. c3 Ne6 14. Ne3 f5 15.
hxg6 hxg6 16. exf5 gxf5 17. Nd5 Qg5 18. Qe2 Bd7 19. Rh5 Qg6 20. Nh3 Bc6 21. Ne3
Bxg2 22. Nxg2 f4 23. Nh4 f3 24. Nxg6 fxe2 25. Nxf8 Rxf8 26. Ng1 Kg6 27. Rh4 Ng5
28. Kxe2 d5 29. f4 exf4 30. gxf4 Re8+ 31. Kd2 Nf7 32. Nf3 Ngh6 33. Rg1+ Kf6 34.
Ne5 Nf5 35. Rg6+ Ke7 36. Rh7 Rf8 37. a3 b6 38. Rc6 N5d6 39. Ng6+ Kd7 40. Rxd6+
1-0

[Event "ThEM  Hauptturnier"]
[Site "?"]
[Date "2000.04.19"]
[Round "1"]
[White "Rudnizki, Sergej"]
[Black "Böhl, Dietmar"]
[Result "1-0"]
[WhiteElo "1975"]
[BlackElo "1800"]
[PlyCount "45"]
[EventDate "2000.??.??"]

1. e4 c5 2. Nf3 d6 3. d4 cxd4 4. Nxd4 Nf6 5. Nc3 g6 6. Be3 Bg7 7. f3 Nc6 8. Qd2
O-O 9. O-O-O Bd7 10. Kb1 Rc8 11. g4 Re8 12. h4 Ne5 13. h5 a6 14. hxg6 fxg6 15.
Nd5 e6 16. Nxf6+ Bxf6 17. Be2 Nf7 18. Nb3 Re7 19. f4 Qc7 20. Bd3 e5 21. g5 exf4
22. gxf6 fxe3 23. Qh2 1-0

[Event "ThEM  Hauptturnier"]
[Site "?"]
[Date "2000.04.19"]
[Round "1"]
[White "Taudte, Stefan"]
[Black "Gebuhr, Günter"]
[Result "1/2-1/2"]
[WhiteElo "2003"]
[BlackElo "1858"]
[PlyCount "33"]
[EventDate "2000.??.??"]

1. d4 Nf6 2. c4 e6 3. Nf3 b6 4. Bg5 h6 5. Bxf6 Qxf6 6. Nc3 Bb4 7. e4 Bb7 8. Bd3
c5 9. O-O Bxc3 10. bxc3 d6 11. a4 Nc6 12. a5 Nxa5 13. Rxa5 bxa5 14. Qa4+ Ke7
15. e5 Qf4 16. Qxa5 Rhc8 17. Be2 1/2-1/2

[Event "ThEM  Hauptturnier"]
[Site "?"]
[Date "2000.04.19"]
[Round "1"]
[White "Thielen, Dieter"]
[Black "Fuchs, Antje"]
[Result "1/2-1/2"]
[WhiteElo "1881"]
[BlackElo "2012"]
[PlyCount "51"]
[EventDate "2000.??.??"]

1. e4 c5 2. Nf3 d6 3. d4 cxd4 4. Nxd4 Nf6 5. Nc3 a6 6. f4 Qc7 7. Be2 e6 8. a4
Be7 9. O-O Nc6 10. Kh1 O-O 11. Nxc6 bxc6 12. Bf3 Nd7 13. Re1 Rb8 14. b3 Bf6 15.
Qd3 c5 16. Bd2 Bb7 17. Rad1 Rfc8 18. e5 Bxf3 19. gxf3 dxe5 20. Qxa6 c4 21. Nb5
Qc6 22. Qxc6 Rxc6 23. Bb4 Nf8 24. fxe5 Bg5 25. Bd6 Ra8 26. Re2 1/2-1/2

[Event "ThEM  Hauptturnier"]
[Site "?"]
[Date "2000.04.19"]
[Round "1"]
[White "Wiegner, Denis"]
[Black "Buring, Matthias"]
[Result "1-0"]
[WhiteElo "2166"]
[BlackElo "1904"]
[PlyCount "103"]
[EventDate "2000.??.??"]

1. e4 e5 2. Nf3 Nc6 3. Bb5 d6 4. O-O Nf6 5. Re1 Be7 6. c3 O-O 7. h3 a6 8. Ba4
b5 9. Bb3 Na5 10. Bc2 c5 11. d4 Qc7 12. Nbd2 cxd4 13. cxd4 Bb7 14. d5 Rac8 15.
Bd3 Nd7 16. Nf1 f5 17. Bg5 Nc5 18. Bxe7 Qxe7 19. exf5 Nxd3 20. Qxd3 Rc5 21. Ne3
e4 22. f6 Rxf6 23. Ng4 Bxd5 24. Nxf6+ Qxf6 25. Qd4 exf3 26. Qxf6 gxf6 27. b4
Rc3 28. bxa5 fxg2 29. Re3 Rxe3 30. fxe3 Kf7 31. Rc1 Bc4 32. Kxg2 Ke6 33. a3 Ke5
34. Kf3 d5 35. Rd1 f5 36. Rd4 Bb3 37. Ke2 Kf6 38. Kd2 h5 39. Kc3 Bc4 40. Kb4
Bf1 41. h4 Ke5 42. Kc5 Bg2 43. Kb6 Be4 44. Rb4 f4 45. exf4+ Kxf4 46. Kxa6 Ke3
47. Kxb5 d4 48. Kc4 Bc2 49. Rb6 Bd3+ 50. Kb3 Bf5 51. a6 d3 52. Kc3 1-0

[Event "ThEM  Meisterturnier"]
[Site "?"]
[Date "2000.04.19"]
[Round "1"]
[White "Kirschbaum, Gunnar"]
[Black "Seidel, Thomas"]
[Result "1-0"]
[WhiteElo "2187"]
[BlackElo "2030"]
[PlyCount "79"]
[EventDate "2000.??.??"]

1. e4 c5 2. f4 d6 3. Nf3 Nc6 4. c3 Nf6 5. Bd3 e5 6. Bc2 g6 7. O-O Bg7 8. d3 O-O
9. Kh1 Bg4 10. Qe1 Nh5 11. f5 gxf5 12. exf5 Bxf5 13. Nh4 Bg6 14. Nf5 Qd7 15.
Nxg7 Kxg7 16. Qh4 Rae8 17. Na3 f5 18. Bd1 Nf4 19. Bxf4 exf4 20. Qxf4 Ne5 21.
Ba4 Nc6 22. Nc4 d5 23. Bxc6 Qxc6 24. Ne5 Qd6 25. d4 b5 26. Rf3 cxd4 27. Nxg6
Qxg6 28. Rg3 Re4 29. Rxg6+ hxg6 30. Qd2 dxc3 31. bxc3 Rfe8 32. h3 R8e5 33. a4
bxa4 34. Qf2 Re7 35. Qc5 Rd7 36. Qb5 Ree7 37. Rxa4 Kh6 38. Ra6 f4 39. Qc6 Rg7
40. Qf6 1-0

[Event "ThEM  Meisterturnier"]
[Site "?"]
[Date "2000.04.19"]
[Round "1"]
[White "Krämer, Martin"]
[Black "Recknagel, Michael"]
[Result "0-1"]
[WhiteElo "1823"]
[BlackElo "2212"]
[PlyCount "138"]
[EventDate "2000.??.??"]

1. e4 c5 2. d4 cxd4 3. c3 dxc3 4. Nxc3 Nc6 5. Nf3 e6 6. Bc4 Nf6 7. e5 d5 8.
exf6 dxc4 9. Qxd8+ Nxd8 10. Bg5 h6 11. Bh4 g5 12. Bg3 Bb4 13. O-O-O Bxc3 14.
bxc3 Bd7 15. Ne5 Bc6 16. f3 Bd5 17. Rhe1 O-O 18. Nd7 Nc6 19. Nxf8 Rxf8 20. h4
Kh7 21. hxg5 hxg5 22. f4 gxf4 23. Bxf4 Kg6 24. Bd6 Rh8 25. Re3 Rh5 26. Rf1 Rf5
27. Rg3+ Kxf6 28. Rh1 Ne5 29. Bxe5+ Kxe5 30. Re1+ Kd6 31. Kd2 Kc5 32. Re2 b5
33. Rg8 Rf1 34. Re1 Rf2+ 35. Re2 Rf4 36. Rc8+ Kb6 37. Rg8 Ka5 38. Rg7 b4 39.
cxb4+ Kxb4 40. Rg3 Rd4+ 41. Kc2 Rd3 42. Rg7 Ra3 43. Kb1 f5 44. Rg6 Rd3 45. Kc2
a5 46. Rg8 Be4 47. Rb8+ Ka3 48. Kc1 Rc3+ 49. Kd1 Rg3 50. Rbb2 a4 51. Rf2 c3 52.
Rbe2 Kb4 53. Rf4 Kc5 54. Rfxe4 fxe4 55. Rxe4 Rxg2 56. Rxa4 e5 57. Ra8 Kd4 58.
a4 Ra2 59. a5 Ke3 60. a6 e4 61. a7 Rd2+ 62. Kc1 Rd7 63. Rc8 Rxa7 64. Rxc3+ Ke2
65. Rc4 e3 66. Kc2 Rf7 67. Rc8 Kf1 68. Re8 e2 69. Kd2 Rd7+ 0-1

[Event "ThEM  Meisterturnier"]
[Site "?"]
[Date "2000.04.19"]
[Round "1"]
[White "Pähtz jun, Thomas"]
[Black "Manger, H.-Gerald"]
[Result "1-0"]
[WhiteElo "2216"]
[BlackElo "2011"]
[PlyCount "77"]
[EventDate "2000.??.??"]

1. c4 c5 2. g3 e6 3. Nf3 Nf6 4. Nc3 a6 5. Bg2 Be7 6. O-O O-O 7. d4 cxd4 8. Nxd4
Qc7 9. b3 Nc6 10. Bb2 Rb8 11. Rc1 d6 12. Nd5 Qd8 13. Nxc6 bxc6 14. Nxe7+ Qxe7
15. Bxc6 Bb7 16. Bxb7 Rxb7 17. Qd4 e5 18. Qd3 Qe6 19. Kg2 Rc8 20. Rfd1 Rd7 21.
e4 h5 22. f3 h4 23. g4 h3+ 24. Kh1 Nh7 25. c5 Rc6 26. Ba3 Qf6 27. cxd6 Rxc1 28.
Rxc1 Ng5 29. Qe3 Kh7 30. Rf1 Ne6 31. g5 Nxg5 32. f4 exf4 33. Qxf4 Qg6 34. e5
Kg8 35. Qf5 Qh5 36. Kg1 Qh4 37. Bc5 Ne4 38. Be3 Ng3 39. Qf2 1-0

[Event "ThEM  Meisterturnier"]
[Site "?"]
[Date "2000.??.??"]
[Round "1"]
[White "Rohmeiß, Roberto"]
[Black "Hänsel, Thomas"]
[Result "1/2-1/2"]
[WhiteElo "2153"]
[BlackElo "2221"]
[PlyCount "145"]
[EventDate "2000.??.??"]

1. d4 Nf6 2. Nf3 g6 3. Bg5 Bg7 4. e3 O-O 5. c3 d6 6. Nbd2 Nbd7 7. Be2 b6 8. O-O
Bb7 9. a4 a5 10. b4 h6 11. Bxf6 Bxf6 12. Qb3 axb4 13. cxb4 e5 14. Bd3 d5 15.
dxe5 Nxe5 16. Nxe5 Bxe5 17. Rac1 Bd6 18. Nf3 Qd7 19. Bb5 Qg4 20. h3 Qe6 21.
Rfd1 c5 22. bxc5 bxc5 23. Bc4 dxc4 24. Qxb7 Rxa4 25. Qd5 Qxd5 26. Rxd5 Be7 27.
Nd2 Rfa8 28. Nxc4 Ra1 29. Rxa1 Rxa1+ 30. Kh2 Rc1 31. Ne5 c4 32. Rd7 Kf8 33. g3
c3 34. Kg2 c2 35. Rc7 Bd6 36. Rc8+ Ke7 37. Nf3 Ke6 38. Nd4+ Kd5 39. Rxc2 Rd1
40. Nf3 Ke6 41. Rd2 Rc1 42. Nd4+ Ke7 43. f4 h5 44. e4 Rc4 45. e5 Bb4 46. Rd3
Bc3 47. Nb5 Bb4 48. Kf3 Rc1 49. Rb3 Rc4 50. Ke3 Bc5+ 51. Kd3 Ra4 52. Rc3 Bb6
53. Nd6 Ba5 54. Rb3 Bb4 55. Nc8+ Ke6 56. Nb6 Ra3 57. Rxa3 Bxa3 58. Ke4 Bc5 59.
Nd5 Bf2 60. g4 hxg4 61. hxg4 Be1 62. Nc7+ Kd7 63. Nb5 Bd2 64. Nd4 Ke7 65. f5
gxf5+ 66. gxf5 Bc1 67. Kd5 Bb2 68. f6+ Ke8 69. Nf5 Bc3 70. Nd6+ Kf8 71. Nc4 Ba1
72. Kd6 Bc3 73. e6 1/2-1/2

[Event "ThEM  Meisterturnier"]
[Site "?"]
[Date "2000.04.19"]
[Round "1"]
[White "Sieber, Ste"]
[Black "Fischer, Kay"]
[Result "1-0"]
[WhiteElo "2115"]
[BlackElo "2162"]
[PlyCount "73"]
[EventDate "2000.??.??"]

1. e4 e6 2. d4 d5 3. Nc3 Nf6 4. e5 Nfd7 5. f4 c5 6. Nf3 Nc6 7. Be3 Qb6 8. Na4
Qa5+ 9. c3 c4 10. b4 Qc7 11. g4 f6 12. Bh3 b5 13. Nb2 Be7 14. a4 bxa4 15. Rxa4
O-O 16. O-O Rb8 17. Qc2 a5 18. bxa5 Nxa5 19. Rfa1 Nb3 20. R1a2 Qb6 21. Ra7 fxe5
22. Nxe5 Nxe5 23. fxe5 Bb7 24. g5 Rf3 25. Rxb7 Rxb7 26. Ra8+ Rf8 27. Rxf8+ Bxf8
28. Nd1 Rf7 29. g6 hxg6 30. Qxg6 Re7 31. Nf2 Qa6 32. Ng4 Kh8 33. Bg5 Qa1+ 34.
Kg2 Ra7 35. Qh5+ Kg8 36. Nf6+ gxf6 37. Bxe6+ 1-0

[Event "ThEM  Hauptturnier"]
[Site "?"]
[Date "2000.04.20"]
[Round "2"]
[White "Gräf, Michael"]
[Black "Wiegner, Denis"]
[Result "0-1"]
[WhiteElo "1920"]
[BlackElo "2194"]
[PlyCount "66"]
[EventDate "2000.??.??"]

1. d4 e6 2. e3 Nf6 3. Nf3 c5 4. Bd3 Nc6 5. c3 cxd4 6. exd4 Be7 7. Nbd2 O-O 8.
O-O d6 9. Re1 a6 10. Nf1 h6 11. Ng3 Rb8 12. Bd2 Re8 13. Qc1 Bf8 14. Bb1 b5 15.
Qc2 Bb7 16. Nh5 g6 17. Nf4 Bg7 18. h4 e5 19. dxe5 dxe5 20. Nxg6 e4 21. Ng5 hxg5
22. hxg5 fxg6 23. gxf6 Qxf6 24. Qb3+ Qf7 25. Qxf7+ Kxf7 26. Bxe4 Ne5 27. Bf4
Bxe4 28. Rxe4 Rbd8 29. Bg5 Rd5 30. f4 Nd3 31. Rxe8 Kxe8 32. Rd1 Nxf4 33. Re1+
Re5 0-1

[Event "ThEM  Hauptturnier"]
[Site "?"]
[Date "2000.04.20"]
[Round "2"]
[White "Dorn, Karl-Heinz"]
[Black "Petiko, Jakob"]
[Result "1/2-1/2"]
[WhiteElo "2003"]
[BlackElo "1888"]
[PlyCount "28"]
[EventDate "2000.??.??"]

1. e4 d6 2. d4 Nf6 3. Nc3 c6 4. Be2 Qa5 5. Bd2 e5 6. Nf3 Qc7 7. a4 Be7 8. O-O
O-O 9. h3 Re8 10. Re1 Nbd7 11. Bf1 Bf8 12. a5 exd4 13. Nxd4 g6 14. Nb3 Bg7
1/2-1/2

[Event "ThEM  Hauptturnier"]
[Site "?"]
[Date "2000.04.20"]
[Round "2"]
[White "Lange, Corinna"]
[Black "Rudnizki, Sergej"]
[Result "0-1"]
[WhiteElo "1747"]
[BlackElo "1975"]
[PlyCount "90"]
[EventDate "2000.??.??"]

1. e4 e5 2. Nf3 Nc6 3. d4 exd4 4. Bc4 Nf6 5. O-O Nxe4 6. Re1 d5 7. Bxd5 Qxd5 8.
Nc3 Qa5 9. Nxe4 Be6 10. Neg5 O-O-O 11. Nxe6 fxe6 12. Rxe6 Bd6 13. Bg5 Rde8 14.
Qe1 Qxe1+ 15. Raxe1 Kd7 16. Rxe8 Rxe8 17. Rxe8 Kxe8 18. a3 Kf7 19. Kf1 Ke6 20.
Ke2 Kd5 21. Kd3 Ne5+ 22. Nxe5 Bxe5 23. h3 c5 24. b3 b5 25. Bd2 c4+ 26. Ke2 d3+
27. Kd1 Bd6 28. b4 dxc2+ 29. Kxc2 Be5 30. Be1 Bd4 31. f3 Ke5 32. Bd2 Kf5 33. g3
g6 34. Bc1 Be5 35. g4+ Ke6 36. Be3 a6 37. f4 Bf6 38. Bc1 Kd5 39. Kd2 Ke4 40.
Ke2 Be7 41. f5 gxf5 42. gxf5 Kxf5 43. Kf3 Bf6 44. Ke2 Ke4 45. Ke1 Kf3 0-1

[Event "ThEM  Hauptturnier"]
[Site "?"]
[Date "2000.04.20"]
[Round "2"]
[White "Steinmetzer, Peter"]
[Black "Kirste, Olaf"]
[Result "0-1"]
[WhiteElo "1922"]
[BlackElo "1845"]
[PlyCount "125"]
[EventDate "2000.??.??"]

1. e4 c5 2. Nf3 e6 3. d4 cxd4 4. Nxd4 Nf6 5. Nc3 d6 6. Be2 a6 7. a4 Qc7 8. Be3
Be7 9. O-O O-O 10. f4 Nbd7 11. g4 Rd8 12. g5 Ne8 13. Qe1 b6 14. Bg4 Nf8 15. f5
d5 16. fxe6 Nxe6 17. Nxd5 Rxd5 18. Bxe6 fxe6 19. exd5 exd5 20. Qf2 Nd6 21. Rae1
Bd7 22. Bf4 Qd8 23. Bxd6 Bxd6 24. Qf7+ Kh8 25. Qxd5 Bc5 26. c3 Bxa4 27. Qxd8+
Rxd8 28. Rf4 Bd7 29. b4 Bd6 30. Rfe4 Kg8 31. h4 g6 32. Kg2 a5 33. bxa5 bxa5 34.
Rb1 a4 35. Rb7 Bc8 36. Ra7 a3 37. Ra8 Bh3+ 38. Kxh3 Rxa8 39. Nb3 a2 40. Na1 Ra3
41. Kg4 Rxc3 42. h5 gxh5+ 43. Kxh5 Rh3+ 44. Kg4 Rh1 45. Nb3 Rb1 46. Ra4 Rxb3
47. Rxa2 Kf7 48. Rf2+ Kg7 49. Rf3 Rb5 50. Rf5 Rb4+ 51. Kh3 Be7 52. Re5 Kf7 53.
Kg2 Rg4+ 54. Kf3 Rg1 55. Kf2 Rh1 56. Kg2 Rd1 57. Kf3 Bd8 58. Kg4 Rd6 59. Kh5
Rd4 60. Rb5 Be7 61. Ra5 h6 62. Ra1 hxg5 63. Rh1 0-1

[Event "ThEM  Hauptturnier"]
[Site "?"]
[Date "2000.04.20"]
[Round "2"]
[White "Fuchs, Antje"]
[Black "Gehlhaar, Christian"]
[Result "0-1"]
[WhiteElo "2012"]
[BlackElo "1775"]
[PlyCount "134"]
[EventDate "2000.??.??"]

1. e4 c5 2. Nf3 d6 3. d4 cxd4 4. Nxd4 Nf6 5. Nc3 g6 6. Be3 Bg7 7. f3 Nc6 8. Qd2
O-O 9. O-O-O Nxd4 10. Bxd4 Be6 11. g4 Qa5 12. a3 Rab8 13. h4 b5 14. Nd5 Qxd2+
15. Rxd2 Bxd5 16. exd5 Rb7 17. Bxf6 Bxf6 18. f4 Rc8 19. Rh3 Rb6 20. g5 Bg7 21.
h5 a6 22. hxg6 hxg6 23. Re3 Rc7 24. Re4 Rb8 25. Bd3 Kf8 26. Rde2 Re8 27. Rd2 e5
28. dxe6 fxe6 29. Re1 Kf7 30. Rde2 Rce7 31. a4 bxa4 32. Bxa6 Rb8 33. c3 a3 34.
Bc4 axb2+ 35. Rxb2 Bxc3 36. Rxb8 Bxe1 37. Bb3 Rc7+ 38. Kd1 Bc3 39. Rb5 d5 40.
Ke2 Bg7 41. Rb6 Bf8 42. Kd3 Bc5 43. Rb5 Bd6 44. Ke3 Rc3+ 45. Kd2 Rh3 46. Rb7+
Kf8 47. Bc2 Bxf4+ 48. Ke2 Bxg5 49. Bxg6 Re3+ 50. Kf2 d4 51. Rf7+ Kg8 52. Rf3
Re5 53. Rb3 Be3+ 54. Kf3 Kg7 55. Bb1 Kf6 56. Bd3 Bd2 57. Be4 Bc3 58. Rb8 Rh5
59. Rg8 Ke5 60. Bc2 Be1 61. Rg2 Rh3+ 62. Ke2 Bh4 63. Rg4 Re3+ 64. Kd2 Be7 65.
Rg1 Bb4+ 66. Kd1 d3 67. Bb1 d2 0-1

[Event "ThEM  Hauptturnier"]
[Site "?"]
[Date "2000.04.20"]
[Round "2"]
[White "Bächer, Reinhard"]
[Black "Taudte, Stefan"]
[Result "0-1"]
[WhiteElo "1953"]
[BlackElo "2003"]
[PlyCount "36"]
[EventDate "2000.??.??"]

1. e4 e6 2. d4 d5 3. Nc3 Bb4 4. e5 c5 5. a3 cxd4 6. axb4 dxc3 7. Qg4 Ne7 8.
Qxg7 Rg8 9. Qxh7 Qc7 10. Ne2 Bd7 11. Qd3 cxb2 12. Bxb2 Nbc6 13. Qc3 Qb6 14. g3
Rc8 15. Ba3 Nf5 16. Rc1 Ncd4 17. Qb2 Nf3+ 18. Kd1 Qxf2 0-1

[Event "ThEM  Hauptturnier"]
[Site "?"]
[Date "2000.04.20"]
[Round "2"]
[White "Gebuhr, Günter"]
[Black "Thielen, Dieter"]
[Result "1/2-1/2"]
[WhiteElo "1858"]
[BlackElo "1881"]
[PlyCount "39"]
[EventDate "2000.??.??"]

1. e4 e6 2. d4 d5 3. Nc3 Bb4 4. e5 c5 5. a3 cxd4 6. axb4 dxc3 7. bxc3 Qc7 8.
Qd4 Ne7 9. f4 O-O 10. Nf3 Nbc6 11. Qd2 b6 12. Bd3 h6 13. O-O f5 14. exf6 Rxf6
15. Qe2 Ng6 16. Bxg6 Rxg6 17. Ne5 Nxe5 18. Qxe5 Qxe5 19. fxe5 Bb7 20. g3
1/2-1/2